| 000 | 00535nam a2200181 i 4500 | ||
|---|---|---|---|
| 001 | 21472 | ||
| 003 | ES-MaACL | ||
| 005 | 20231221152502.0 | ||
| 007 | t| | ||
| 008 | 021125s1977 sp ||||1| spa d | ||
| 100 | 1 |
_aAlcalá Zamora, Niceto, _d1877-1949 _919473 |
|
| 245 | 1 | 0 |
_aMemorias _b: (Segundo texto de mis memorias) / _cNiceto Alcalá-Zamora y Torres. |
| 250 | _a1ª ed. | ||
| 260 |
_aBarcelona : _bPlaneta, _c[1977] |
||
| 300 |
_a560 p. : _bil. ; _c25 cm. |
||
| 852 |
_aES-MaACL _jL-7192 _bR.107358 |
||
| 999 |
_c21472 _d21472 |
||